000
00323nam a2200133Ia 4500
005
20260328104321.0
008
260328s9999||||xx |||||||||||||| ||und||
100
_a
Bonet, Eugeni
245
0
_a
John Pawson /
_c
Eugeni Bonet
260
_b
Gustavo Gili
300
_a
167 p.
650
_a
ARQUITECTURA- DOMÉSTICA
942
_c
BK
999
_c
11344
_d
11344